[Event "SC-2012-0-00165"]
[Site "LSS email"]
[Date "2012.12.21"]
[Round "?"]
[White "Tokarev, Evgeny Vadimovich"]
[Black "Dlugolecki, Grzegorz"]
[Result "1/2-1/2"]
[WhiteElo "1665"]
[BlackElo "1530"]
[PlyCount "48"]
[EventDate "2012.11.10"]
[EventType "tourn (corr)"]
[EventRounds "6"]
[EventCountry "GER"]
[SourceTitle "Telechess CBM 167"]
[Source "ChessBase"]
[SourceDate "2015.07.13"]
[SourceVersion "1"]
[SourceVersionDate "2015.07.13"]
[SourceQuality "1"]

1. e4 c6 2. d4 d5 3. e5 Bf5 4. Nc3 e6 5. g4 Bg6 6. Nge2 Nd7 7. h4 h5 8. Nf4 Ne7 9. Nxg6 Nxg6 10. gxh5 Nxh4 11. Qg4 Nf5 12. Bd3 Qb6 13. Bxf5 exf5 14. Qf4 g5 15. Qxf5 Qxd4 16. Bxg5 Qxe5+ 17. Qxe5+ Nxe5 18. Bf6 Nf3+ 19. Ke2 Rh6 20. Rh3 Rxf6 21. Rxf3 Re6+ 22. Kd3 Bh6 23. Rg1 Kf8 24. Ne2 Rae8 1/2-1/2

[Event "SC-2012-0-00165"]
[Site "LSS email"]
[Date "2012.12.21"]
[Round "?"]
[White "Tokarev, Evgeny Vadimovich"]
[Black "Nicolaescu, Nicolae"]
[Result "1/2-1/2"]
[WhiteElo "1665"]
[BlackElo "1826"]
[PlyCount "65"]
[EventDate "2012.11.10"]
[EventType "tourn (corr)"]
[EventRounds "6"]
[EventCountry "GER"]
[SourceTitle "Telechess CBM 167"]
[Source "ChessBase"]
[SourceDate "2015.07.13"]
[SourceVersion "1"]
[SourceVersionDate "2015.07.13"]
[SourceQuality "1"]

1. e4 e6 2. d4 d5 3. e5 c5 4. c3 Nc6 5. Nf3 Qb6 6. Be2 cxd4 7. cxd4 Nh6 8. Nc3 Nf5 9. Na4 Qa5+ 10. Bd2 Bb4 11. Bc3 Bd7 12. a3 Bxc3+ 13. Nxc3 0-0 14. 0-0 f6 15. exf6 Rxf6 16. b4 Qd8 17. b5 Na5 18. Rc1 Rc8 19. Ne5 Be8 20. Bg4 Nc4 21. a4 a6 22. Re1 Nxe5 23. dxe5 Rf8 24. Ne2 Rxc1 25. Qxc1 Qb6 26. bxa6 bxa6 27. Qb1 Qc7 28. Nf4 Bd7 29. g3 Qc3 30. Qa1 Qb4 31. h3 a5 32. Rc1 Qe4 33. Qb2 1/2-1/2

[Event "BI-2010-F-00001"]
[Site "LSS email"]
[Date "2011.02.21"]
[Round "?"]
[White "Broniek, Mariusz Maciej"]
[Black "Tokarev, Evgeny Vadimovich"]
[Result "0-1"]
[WhiteElo "1689"]
[BlackElo "1644"]
[PlyCount "40"]
[EventDate "2011.02.24"]
[EventType "tourn (corr)"]
[EventRounds "10"]
[EventCountry "GER"]
[SourceTitle "Telechess CBM 151"]
[Source "ChessBase"]
[SourceDate "2012.11.13"]
[SourceVersion "1"]
[SourceVersionDate "2012.11.13"]
[SourceQuality "1"]

1. e4 c5 2. Nf3 d6 3. d4 cxd4 4. Nxd4 Nf6 5. Nc3 g6 6. Be3 Bg7 7. f3 0-0 8. Qd2 Nc6 9. Bc4 Bd7 10. 0-0-0 Rc8 11. Bb3 Na5 12. g4 Nxb3+ 13. axb3 h5 14. gxh5 Nxh5 15. Kb1 Re8 16. Rhg1 e6 17. Bh6 Bh8 18. Ndb5 Bxb5 19. Nxb5 d5 20. exd5 Qf6 0-1

[Event "BI-2010-F-00001"]
[Site "LSS email"]
[Date "2011.02.21"]
[Round "?"]
[White "Kuhne, Detlev"]
[Black "Tokarev, Evgeny Vadimovich"]
[Result "1-0"]
[WhiteElo "2329"]
[BlackElo "1644"]
[PlyCount "163"]
[EventDate "2011.02.24"]
[EventType "tourn (corr)"]
[EventRounds "10"]
[EventCountry "GER"]
[SourceTitle "Telechess CBM 151"]
[Source "ChessBase"]
[SourceDate "2012.11.13"]
[SourceVersion "1"]
[SourceVersionDate "2012.11.13"]
[SourceQuality "1"]

1. e4 c5 2. Nf3 d6 3. d4 cxd4 4. Nxd4 Nf6 5. Nc3 g6 6. Be3 Bg7 7. f3 0-0 8. Qd2 Nc6 9. Bc4 Bd7 10. 0-0-0 Rc8 11. Bb3 Ne5 12. Kb1 Re8 13. h4 h5 14. g4 hxg4 15. h5 Nxh5 16. Bh6 Bf6 17. Nd5 a5 18. fxg4 Bxg4 19. Rdg1 Rc5 20. Nxf6+ exf6 21. a4 Qd7 22. Rh4 Kh7 23. Be3 b5 24. axb5 a4 25. Ba2 a3 26. Qf2 Kg8 27. b4 Rxb5 28. Nxb5 Qxb5 29. Rhxg4 Qxb4+ 30. Bb3 Nxg4 31. Rxg4 a2+ 32. Kxa2 Ra8+ 33. Kb2 Qa3+ 34. Kc3 Kf8 35. Kd3 Qa6+ 36. Bc4 Qc8 37. Rg1 Ra4 38. Bd5 Qa6+ 39. Kd2 Qb5 40. Bd4 Nf4 41. Bxf6 Nxd5 42. exd5 Qxd5+ 43. Kc1 Qf5 44. Qxf5 gxf5 45. Rd1 Ra6 46. Rd5 f4 47. Rd4 f3 48. Rd3 f2 49. Rf3 Ke8 50. Rxf2 Kd7 51. Re2 Kc6 52. Re7 Ra5 53. Rxf7 Rf5 54. Kd2 Rf2+ 55. Kd3 Kd5 56. Rf8 Rf3+ 57. Ke2 Rg3 58. Bh4 Rh3 59. Bf2 Rc3 60. Kd2 Rh3 61. Be3 Ke6 62. c4 Rh2+ 63. Kd3 Rh3 64. Rg8 Kd7 65. Rg7+ Kc6 66. Rg6 Kd7 67. Kd4 Rf3 68. Bd2 Rf1 69. Bb4 Rd1+ 70. Kc3 Kc7 71. Rg7+ Kc6 72. Ba5 Rc1+ 73. Kd4 Rd1+ 74. Ke3 d5 75. Rc7+ Kd6 76. c5+ Ke6 77. c6 Ra1 78. Bb4 Rb1 79. Re7+ Kf6 80. c7 Rc1 81. Kd4 Rd1+ 82. Kc5 1-0

[Event "BI-2010-F-00001"]
[Site "LSS email"]
[Date "2011.02.21"]
[Round "?"]
[White "Oltean, Dorel"]
[Black "Tokarev, Evgeny Vadimovich"]
[Result "1-0"]
[WhiteElo "2325"]
[BlackElo "1644"]
[PlyCount "107"]
[EventDate "2011.02.24"]
[EventType "tourn (corr)"]
[EventRounds "10"]
[EventCountry "GER"]
[SourceTitle "Telechess CBM 151"]
[Source "ChessBase"]
[SourceDate "2012.11.13"]
[SourceVersion "1"]
[SourceVersionDate "2012.11.13"]
[SourceQuality "1"]

1. d4 f5 2. g3 Nf6 3. Bg2 g6 4. Nf3 Bg7 5. 0-0 0-0 6. c4 Nc6 7. d5 Na5 8. Nbd2 c5 9. Qc2 b6 10. Re1 Ba6 11. Rb1 Rc8 12. b3 e6 13. e4 fxe4 14. Nxe4 exd5 15. Nd6 Rc6 16. Bf4 Nb7 17. Nb5 Bxb5 18. cxb5 Re6 19. Ng5 Rxe1+ 20. Rxe1 Re8 21. Rxe8+ Qxe8 22. Qd2 Nd8 23. Bxd5+ Nxd5 24. Qxd5+ Ne6 25. Nxe6 dxe6 26. Qc6 Kf7 27. Bd6 Qxc6 28. bxc6 Ke8 29. Kg2 Kd8 30. Kf3 a6 31. Ke4 b5 32. Kd3 Bf6 33. f3 a5 34. Bxc5 Kc7 35. Ke4 Kxc6 36. Bd4 Bd8 37. Ke5 Kd7 38. a4 bxa4 39. bxa4 h5 40. Be3 g5 41. h3 Bc7+ 42. Kf6 g4 43. hxg4 hxg4 44. fxg4 Bxg3 45. Kf7 Bh4 46. Bd4 Bg5 47. Bc3 e5 48. Bxe5 Bd2 49. Bg3 Kc6 50. Ke6 Be3 51. Be1 Kb6 52. Kf5 Bh6 53. Bg3 Kc5 54. Bf4 1-0

[Event "BI-2010-F-00001"]
[Site "LSS email"]
[Date "2011.02.21"]
[Round "?"]
[White "Tokarev, Evgeny Vadimovich"]
[Black "Evtushenko, Sergey Aleksandrovi"]
[Result "1/2-1/2"]
[WhiteElo "1644"]
[BlackElo "2281"]
[PlyCount "114"]
[EventDate "2011.02.24"]
[EventType "tourn (corr)"]
[EventRounds "10"]
[EventCountry "GER"]
[SourceTitle "Telechess CBM 151"]
[Source "ChessBase"]
[SourceDate "2012.11.13"]
[SourceVersion "1"]
[SourceVersionDate "2012.11.13"]
[SourceQuality "1"]

1. e4 c5 2. f4 g6 3. Nf3 Bg7 4. c3 d5 5. d3 d4 6. cxd4 cxd4 7. Be2 Nc6 8. Qb3 Nf6 9. Na3 Rb8 10. Nc4 0-0 11. Bd2 Be6 12. Ng5 Bxc4 13. Qxc4 h6 14. Nh3 Qb6 15. Qb3 Qxb3 16. axb3 e6 17. Kf2 Rfc8 18. Ng1 a5 19. Nf3 b6 20. Ra4 Nd7 21. Rc4 Nc5 22. b4 axb4 23. Bxb4 Nxb4 24. Rxb4 b5 25. Ne5 Rb7 26. Rxd4 Nb3 27. Rd6 Bxe5 28. fxe5 Rc2 29. Ke3 Rxb2 30. h4 b4 31. Rd8+ Kg7 32. Rd1 Rc2 33. Rb1 Na5 34. Bd1 Rc3 35. Ba4 b3 36. Rd7 Nc4+ 37. Kd4 Rxd3+ 38. Kxc4 Rbxd7 39. Bxd7 Rxd7 40. Rxb3 g5 41. Rf3 Rd1 42. hxg5 hxg5 43. Rf2 Rd7 44. Kc5 Kg6 45. Rf6+ Kh5 46. Kc6 Ra7 47. Kb6 Ra4 48. Kc5 Ra5+ 49. Kd4 Ra7 50. Ke3 Kg4 51. Kf2 Rb7 52. Kg1 Rb4 53. Rxf7 Rxe4 54. Kh2 Re3 55. Rc7 Kf5 56. Rf7+ Kxe5 57. g4 Rc3 1/2-1/2

[Event "BI-2010-F-00001"]
[Site "LSS email"]
[Date "2011.02.21"]
[Round "?"]
[White "Tokarev, Evgeny Vadimovich"]
[Black "Zolendowski, Cesary"]
[Result "1/2-1/2"]
[WhiteElo "1644"]
[BlackElo "2230"]
[PlyCount "55"]
[EventDate "2011.02.24"]
[EventType "tourn (corr)"]
[EventRounds "10"]
[EventCountry "GER"]
[SourceTitle "Telechess CBM 151"]
[Source "ChessBase"]
[SourceDate "2012.11.13"]
[SourceVersion "1"]
[SourceVersionDate "2012.11.13"]
[SourceQuality "1"]

1. e4 c5 2. f4 Nc6 3. Nf3 g6 4. Bb5 Bg7 5. Bxc6 bxc6 6. d3 Rb8 7. 0-0 d6 8. Nc3 Nf6 9. Rb1 0-0 10. Bd2 Ne8 11. Qe1 Bg4 12. Ng5 h6 13. Nf3 Qd7 14. Na4 f5 15. Nh4 Kh7 16. Bc3 Bd4+ 17. Kh1 Nc7 18. b3 Nb5 19. Bxd4 cxd4 20. h3 Bh5 21. exf5 gxf5 22. Nf3 Bf7 23. c4 dxc3 24. Rc1 Bd5 25. Nxc3 Nxc3 26. Rxc3 e6 27. d4 Rg8 28. Rf2 1/2-1/2

[Event "LSS SD-2010-0-00073"]
[Site "LSS email"]
[Date "2010.11.06"]
[Round "?"]
[White "Tokarev, Evgeny Vadimovich"]
[Black "Henke, Simon"]
[Result "1-0"]
[WhiteElo "1479"]
[BlackElo "1467"]
[PlyCount "65"]
[EventDate "2010.09.10"]
[EventType "tourn (corr)"]
[EventRounds "6"]
[EventCountry "GER"]
[SourceTitle "Telechess CBM 143"]
[Source "ChessBase"]
[SourceDate "2011.07.15"]
[SourceVersion "1"]
[SourceVersionDate "2011.07.15"]
[SourceQuality "1"]

1. e4 e6 2. d4 d5 3. e5 c5 4. c3 Qb6 5. Nf3 Nc6 6. Be2 cxd4 7. cxd4 Nh6 8. Nc3 Nf5 9. Na4 Qa5+ 10. Nc3 Bb4 11. 0-0 Bxc3 12. bxc3 Qxc3 13. Bd2 Qb2 14. Rb1 Qxa2 15. Bb5 0-0 16. Bc3 Qa3 17. Rb3 Qa2 18. Re1 a6 19. Re2 Qxb3 20. Qxb3 axb5 21. Qxb5 f6 22. g4 Nfe7 23. exf6 Rxf6 24. Kg2 Ng6 25. Kg3 Nf4 26. Re3 Ng6 27. Bb4 Ra1 28. Bc5 h6 29. Qb2 Ra6 30. Ra3 Rf7 31. h4 Rxa3 32. Qxa3 Nge7 33. h5 1-0

[Event "LSS SD-2010-0-00073"]
[Site "LSS email"]
[Date "2010.11.06"]
[Round "?"]
[White "Vargas Pereda, Jesus Manuel"]
[Black "Tokarev, Evgeny Vadimovich"]
[Result "0-1"]
[WhiteElo "1400"]
[BlackElo "1593"]
[PlyCount "30"]
[EventDate "2010.09.10"]
[EventType "tourn (corr)"]
[EventRounds "6"]
[EventCountry "GER"]
[SourceTitle "Corr 2015"]
[Source "ChessBase"]
[SourceDate "2015.07.17"]
[SourceVersion "1"]
[SourceVersionDate "2015.07.17"]
[SourceQuality "1"]

1. e4 c5 2. Nf3 d6 3. c3 Nf6 4. d3 Nc6 5. g3 g6 6. Bg2 Bg7 7. 0-0 0-0 8. Re1 Ng4 9. h3 Nge5 10. Nxe5 dxe5 11. f4 exf4 12. Bxf4 c4 13. d4 e5 14. dxe5 Qb6+ 15. Kh1 Qxb2 0-1

[Event "CP-2010-P-00043"]
[Site "LSS email"]
[Date "2010.09.28"]
[Round "?"]
[White "Tokarev, Evgeny Vadimovich"]
[Black "Tyutyunnik, Roman"]
[Result "1/2-1/2"]
[WhiteElo "1458"]
[BlackElo "1845"]
[PlyCount "62"]
[EventDate "2010.10.01"]
[EventType "tourn (corr)"]
[EventRounds "6"]
[EventCountry "GER"]
[SourceTitle "Telechess CBM 143"]
[Source "ChessBase"]
[SourceDate "2011.07.15"]
[SourceVersion "1"]
[SourceVersionDate "2011.07.15"]
[SourceQuality "1"]

1. e4 c5 2. f4 d5 3. exd5 Nf6 4. Bb5+ Bd7 5. Bxd7+ Qxd7 6. c4 e6 7. Qe2 Bd6 8. f5 0-0 9. fxe6 fxe6 10. dxe6 Qe7 11. Nf3 Nc6 12. Nc3 Rae8 13. d3 Qxe6 14. Qxe6+ Rxe6+ 15. Kd1 Ng4 16. Ne4 Be7 17. Re1 Nb4 18. Ng3 Rxe1+ 19. Nxe1 Nxh2 20. a3 Nc6 21. Ne4 b6 22. Bd2 Ng4 23. Rb1 Nf2+ 24. Nxf2 Rxf2 25. b4 Rf1 26. Ke2 Rh1 27. Bc3 Kf7 28. b5 Nb8 29. Ra1 Nd7 30. a4 Bh4 31. a5 Rg1 1/2-1/2

[Event "LSS SE-2010-0-00050"]
[Site "LSS email"]
[Date "2010.06.26"]
[Round "?"]
[White "Hilton, Stephen H"]
[Black "Tokarev, Evgeny Vadimovich"]
[Result "0-1"]
[WhiteElo "1146"]
[BlackElo "1333"]
[PlyCount "58"]
[EventDate "2010.05.15"]
[EventType "tourn (corr)"]
[EventRounds "6"]
[EventCountry "GER"]
[SourceTitle "Telechess CBM 141"]
[Source "ChessBase"]
[SourceDate "2011.03.17"]
[SourceVersion "1"]
[SourceVersionDate "2011.03.17"]
[SourceQuality "1"]

1. d4 f5 2. Bg5 Nf6 3. Bxf6 exf6 4. e3 d5 5. Bd3 Be6 6. Nd2 Nc6 7. c3 Bd6 8. Ngf3 Qd7 9. Qe2 0-0 10. 0-0 Rfe8 11. Rfe1 Ne7 12. c4 dxc4 13. Nxc4 Bb4 14. Rec1 Nd5 15. a3 Be7 16. Rc2 a5 17. Rac1 c6 18. Qd2 a4 19. Qd1 Bf8 20. Qe1 g6 21. Ncd2 Kg7 22. Nb1 Bd6 23. Nc3 Nxc3 24. Qxc3 Bb3 25. Re2 Bd5 26. Nd2 Rac8 27. Bc4 b5 28. Bd3 c5 29. dxc5 Rxc5 0-1

[Event "LSS SE-2010-0-00050"]
[Site "LSS email"]
[Date "2010.06.26"]
[Round "?"]
[White "Saunders, Barrie"]
[Black "Tokarev, Evgeny Vadimovich"]
[Result "0-1"]
[WhiteElo "1263"]
[BlackElo "1381"]
[PlyCount "78"]
[EventDate "2010.05.15"]
[EventType "tourn (corr)"]
[EventRounds "6"]
[EventCountry "GER"]
[SourceTitle "Telechess CBM 141"]
[Source "ChessBase"]
[SourceDate "2011.03.17"]
[SourceVersion "1"]
[SourceVersionDate "2011.03.17"]
[SourceQuality "1"]

1. e4 c5 2. d4 cxd4 3. c3 dxc3 4. Nxc3 Nc6 5. Nf3 e6 6. Bc4 a6 7. 0-0 Nge7 8. Be3 b5 9. Bb3 Bb7 10. Rc1 Nc8 11. Nd4 Na5 12. Bc2 Nc4 13. Qe2 N8b6 14. Bd3 Nxe3 15. Qxe3 Be7 16. Nf3 Rb8 17. Ne2 0-0 18. Ned4 Na4 19. Rc2 Rc8 20. Rfc1 Rxc2 21. Rxc2 Nc5 22. a3 Nxd3 23. Qxd3 Qa8 24. Nd2 Rc8 25. N4f3 b4 26. axb4 Bxb4 27. Qb3 Rxc2 28. Qxc2 Qc8 29. Qxc8+ Bxc8 30. Nb3 Bb7 31. Nfd2 a5 32. Nc4 a4 33. Nc1 Bxe4 34. Nb6 Bc6 35. Nd3 Be7 36. Ne5 Bb5 37. Nexd7 f6 38. Nb8 Kf7 39. h3 Bd6 0-1

[Event "LSS BI-2010-P-00010"]
[Site "LSS email"]
[Date "2010.04.19"]
[Round "?"]
[White "Hernandez Sanchez, Agustin Hector"]
[Black "Tokarev, Evgeny Vadimovich"]
[Result "0-1"]
[WhiteElo "706"]
[BlackElo "1530"]
[PlyCount "46"]
[EventDate "2010.04.22"]
[EventType "tourn (corr)"]
[EventRounds "10"]
[EventCountry "GER"]
[SourceTitle "Telechess CBM 147"]
[Source "ChessBase"]
[SourceDate "2012.03.16"]
[SourceVersion "1"]
[SourceVersionDate "2012.03.16"]
[SourceQuality "1"]

1. e4 c5 2. Nf3 d6 3. Bc4 Nc6 4. 0-0 Nf6 5. Re1 g6 6. Nc3 Bg7 7. d4 cxd4 8. Nxd4 Nxd4 9. Qxd4 0-0 10. Bg5 h6 11. Be3 Ng4 12. Qd1 Qc7 13. Bb3 d5 14. Qxd5 Qxh2+ 15. Kf1 Nxe3+ 16. Rxe3 Qh1+ 17. Ke2 Bg4+ 18. Rf3 Qxa1 19. Ke3 Rad8 20. Qc4 Qc1+ 21. Ke2 Rd2+ 22. Ke3 Rd1+ 23. Ke2 Qd2# 0-1

[Event "LSS BI-2010-P-00010"]
[Site "LSS email"]
[Date "2010.04.19"]
[Round "?"]
[White "Tokarev, Evgeny Vadimovich"]
[Black "Mary, Patrick"]
[Result "1-0"]
[WhiteElo "1297"]
[BlackElo "2196"]
[PlyCount "59"]
[EventDate "2010.04.22"]
[EventType "tourn (corr)"]
[EventRounds "10"]
[EventCountry "GER"]
[SourceTitle "Telechess CBM 141"]
[Source "ChessBase"]
[SourceDate "2011.03.17"]
[SourceVersion "1"]
[SourceVersionDate "2011.03.17"]
[SourceQuality "1"]

1. e4 e6 2. d4 d5 3. e5 c5 4. c3 Nc6 5. Nf3 Qb6 6. Be2 cxd4 7. cxd4 Nge7 8. Nc3 Nf5 9. Na4 Qa5+ 10. Nc3 Bb4 11. 0-0 Bxc3 12. bxc3 Qxc3 13. Bd2 Qa3 14. Bc1 Qb4 15. Bd2 Qe7 16. Bg5 Qd7 17. Rb1 0-0 18. Qd2 b6 19. Bb5 Bb7 20. Nh4 Nfe7 21. Rb3 a6 22. Bd3 b5 23. Bb1 Ng6 24. Rh3 Nce7 25. Bf6 Nf5 26. Nxf5 exf5 27. Bxg7 f4 28. Bf6 Qg4 29. Rh6 Rfb8 30. h3 1-0

[Event "LSS SF-2010-0-00048"]
[Site "LSS email"]
[Date "2010.03.05"]
[Round "?"]
[White "Ciesla, Daniel"]
[Black "Tokarev, Evgeny Vadimovich"]
[Result "0-1"]
[WhiteElo "1067"]
[BlackElo "1185"]
[PlyCount "72"]
[EventDate "2010.01.30"]
[EventType "tourn (corr)"]
[EventRounds "6"]
[EventCountry "GER"]
[SourceTitle "Corr 2013"]
[Source "ChessBase"]
[SourceDate "2012.11.12"]
[SourceVersion "1"]
[SourceVersionDate "2012.11.12"]
[SourceQuality "1"]
[WhiteTeam "US of America"]
[BlackTeam "US of America"]
[WhiteTeamCountry "USA"]
[BlackTeamCountry "USA"]

1. d4 f5 2. Nf3 Nf6 3. Bg5 e6 4. e3 Be7 5. Bd3 c5 6. dxc5 Bxc5 7. 0-0 0-0 8. Nbd2 Be7 9. c3 Nc6 10. Qb3 h6 11. Bxf6 Bxf6 12. Nd4 d5 13. Bb5 Qd6 14. Nxc6 bxc6 15. Be2 Rb8 16. Qc2 c5 17. Rad1 Qc7 18. Nf3 Rd8 19. b3 e5 20. Qc1 e4 21. Nd2 Qa5 22. Qc2 Qxc3 23. Qxc3 Bxc3 24. Nb1 Bf6 25. Rd2 d4 26. Bc4+ Kh7 27. exd4 cxd4 28. Rfd1 Bb7 29. Na3 d3 30. Rb1 Be7 31. b4 a5 32. Nb5 Rbc8 33. Be6 Rc2 34. Rdd1 axb4 35. Bxf5+ g6 36. Be6 e3 0-1

[Event "LSS SF-2010-0-00046"]
[Site "LSS email"]
[Date "2010.02.11"]
[Round "?"]
[White "Checa, Nicholas de T"]
[Black "Tokarev, Evgeny Vadimovich"]
[Result "0-1"]
[WhiteElo "1070"]
[BlackElo "1198"]
[PlyCount "86"]
[EventDate "2010.01.11"]
[EventType "tourn (corr)"]
[EventRounds "6"]
[EventCountry "GER"]
[SourceTitle "Corr 2013"]
[Source "ChessBase"]
[SourceDate "2012.11.12"]
[SourceVersion "1"]
[SourceVersionDate "2012.11.12"]
[SourceQuality "1"]
[WhiteTeam "US of America"]
[BlackTeam "US of America"]
[WhiteTeamCountry "USA"]
[BlackTeamCountry "USA"]

1. e4 c5 2. Nf3 d6 3. d4 cxd4 4. Nxd4 Nf6 5. Nc3 g6 6. Bb5+ Bd7 7. Bg5 Bg7 8. 0-0 Nc6 9. Nf3 0-0 10. Re1 a6 11. Bxc6 Bxc6 12. Nd5 Bxd5 13. exd5 Rc8 14. c3 Qd7 15. Qd3 Rc5 16. Bxf6 Bxf6 17. Re4 Qb5 18. Qc2 Rxd5 19. Nd4 Qb6 20. b4 Rc8 21. Qb3 e6 22. Rae1 Kg7 23. Ne2 Rd2 24. Re3 d5 25. a4 a5 26. b5 Qc7 27. g3 Bg5 28. f4 Qb6 29. c4 Bf6 30. c5 Rxc5 31. Kf1 Rxb5 32. axb5 a4 33. Qa3 Bb2 34. Rxe6 Qxe6 35. Qxa4 Qe3 36. Qb4 Qf3+ 37. Kg1 Rxe2 38. Rxe2 Qxe2 39. Qc5 Qe4 40. Kf1 Bd4 41. Qc7 Qd3+ 42. Ke1 Qe3+ 43. Kd1 Bc3 0-1

[Event "LSS SF-2010-0-00046"]
[Site "LSS email"]
[Date "2010.02.11"]
[Round "?"]
[White "Tokarev, Evgeny Vadimovich"]
[Black "Fuller, Christopher"]
[Result "1-0"]
[WhiteElo "1158"]
[BlackElo "909"]
[PlyCount "49"]
[EventDate "2010.01.11"]
[EventType "tourn (corr)"]
[EventRounds "6"]
[EventCountry "GER"]
[SourceTitle "Corr 2013"]
[Source "ChessBase"]
[SourceDate "2012.11.12"]
[SourceVersion "1"]
[SourceVersionDate "2012.11.12"]
[SourceQuality "1"]
[WhiteTeam "US of America"]
[BlackTeam "US of America"]
[WhiteTeamCountry "USA"]
[BlackTeamCountry "USA"]

1. e4 e6 2. d4 d5 3. e5 Nc6 4. Nf3 Be7 5. Bd3 Nh6 6. Bxh6 gxh6 7. 0-0 0-0 8. Qd2 Bg5 9. Nxg5 Qxg5 10. f4 Qg7 11. Rf3 Ne7 12. c4 dxc4 13. Rg3 Ng6 14. Bxc4 h5 15. Nc3 h4 16. Rg5 Kh8 17. Ne4 a6 18. Nf6 b5 19. Bd3 Bb7 20. f5 exf5 21. Bxf5 a5 22. Rh5 Bc8 23. Qh6 Qxh6 24. Rxh6 Kg7 25. Rxh7# 1-0

[Event "LSS SF-2009-0-00042"]
[Site "LSS email"]
[Date "2010.01.11"]
[Round "?"]
[White "Tokarev, Evgeny Vadimovich"]
[Black "Ciesla, Daniel"]
[Result "1-0"]
[WhiteElo "1530"]
[BlackElo "1057"]
[PlyCount "47"]
[EventDate "2009.11.09"]
[EventType "tourn (corr)"]
[EventRounds "6"]
[EventCountry "GER"]
[SourceTitle "Corr 2013"]
[Source "ChessBase"]
[SourceDate "2012.11.12"]
[SourceVersion "1"]
[SourceVersionDate "2012.11.12"]
[SourceQuality "1"]
[WhiteTeam "US of America"]
[BlackTeam "US of America"]
[WhiteTeamCountry "USA"]
[BlackTeamCountry "USA"]

1. e4 d6 2. d4 Nf6 3. Nc3 e5 4. Nf3 exd4 5. Nxd4 Be7 6. Be2 0-0 7. Bf4 Nbd7 8. Qd2 Nc5 9. f3 Be6 10. g4 h6 11. 0-0-0 Nh7 12. Kb1 Bg5 13. h4 Bxf4 14. Qxf4 Qf6 15. Qd2 a5 16. g5 hxg5 17. hxg5 Qxg5 18. f4 Qe7 19. Bd3 f6 20. Nxe6 Nxe6 21. e5 f5 22. Qh2 g6 23. Bc4 Rf7 24. Nd5 1-0

[Event "LSS SF-2009-0-00042"]
[Site "LSS email"]
[Date "2010.01.10"]
[Round "?"]
[White "Tokarev, Evgeny Vadimovich"]
[Black "Fernandez, German"]
[Result "1-0"]
[WhiteElo "1530"]
[BlackElo "931"]
[PlyCount "73"]
[EventDate "2009.11.09"]
[EventType "tourn (corr)"]
[EventRounds "6"]
[EventCountry "GER"]
[SourceTitle "Corr 2013"]
[Source "ChessBase"]
[SourceDate "2012.11.12"]
[SourceVersion "1"]
[SourceVersionDate "2012.11.12"]
[SourceQuality "1"]
[WhiteTeam "US of America"]
[BlackTeam "US of America"]
[WhiteTeamCountry "USA"]
[BlackTeamCountry "USA"]

1. e4 c5 2. f4 e6 3. Nf3 Nc6 4. Bb5 Nd4 5. Nc3 Nxb5 6. Nxb5 a6 7. Nc3 d5 8. exd5 exd5 9. d4 Nf6 10. 0-0 Be7 11. Be3 c4 12. Ne5 0-0 13. f5 b5 14. Nc6 Qd6 15. Nxe7+ Qxe7 16. Bg5 Bb7 17. Qe1 Qxe1 18. Raxe1 Rfe8 19. Bxf6 gxf6 20. Kf2 Bc6 21. Rxe8+ Rxe8 22. Ne2 h5 23. Ng3 h4 24. Nh5 Rb8 25. Nxf6+ Kg7 26. Ng4 f6 27. Re1 Re8 28. Rxe8 Bxe8 29. Ke3 Bh5 30. h3 Bxg4 31. hxg4 Kh6 32. Kf4 b4 33. c3 a5 34. a3 bxc3 35. bxc3 a4 36. g5+ fxg5+ 37. Kg4 1-0

[Event "LSS SN-2009-0-00189"]
[Site "LSS email"]
[Date "2009.10.06"]
[Round "?"]
[White "Reed, James A"]
[Black "Tokarev, Evgeny Vadimovich"]
[Result "0-1"]
[WhiteElo "800"]
[BlackElo "800"]
[PlyCount "36"]
[EventDate "2009.09.15"]
[EventType "tourn (corr)"]
[EventRounds "6"]
[EventCountry "GER"]
[SourceTitle "Telechess CBM 137"]
[Source "ChessBase"]
[SourceDate "2010.07.15"]
[SourceVersion "1"]
[SourceVersionDate "2010.07.15"]
[SourceQuality "1"]

1. e4 c5 2. Nf3 d6 3. d4 cxd4 4. Nxd4 Nf6 5. Nc3 g6 6. Be3 Bg7 7. f3 0-0 8. Bc4 Nc6 9. Nxc6 bxc6 10. Qd2 Qc7 11. 0-0-0 Rb8 12. Kb1 Qb7 13. b3 Qb4 14. Qd3 Nd7 15. Bxa7 Ne5 16. Qe3 Nxc4 17. a3 Qxa3 18. Qc1 Rxb3+ 0-1

[Event "LSS SN-2009-0-00189"]
[Site "LSS email"]
[Date "2009.10.06"]
[Round "?"]
[White "Tokarev, Evgeny Vadimovich"]
[Black "Mori, Roberto"]
[Result "1-0"]
[WhiteElo "800"]
[BlackElo "594"]
[PlyCount "39"]
[EventDate "2009.09.15"]
[EventType "tourn (corr)"]
[EventRounds "6"]
[EventCountry "GER"]
[SourceTitle "Telechess CBM 137"]
[Source "ChessBase"]
[SourceDate "2010.07.15"]
[SourceVersion "1"]
[SourceVersionDate "2010.07.15"]
[SourceQuality "1"]

1. e4 e5 2. Nc3 Bb4 3. d4 exd4 4. Qxd4 Bxc3+ 5. Qxc3 Nf6 6. Be3 0-0 7. f3 Nc6 8. 0-0-0 d6 9. Ne2 Bd7 10. g4 Be6 11. Nf4 Qc8 12. h4 Rd8 13. g5 Ne8 14. h5 Ne5 15. g6 Nxf3 16. Nxe6 Qxe6 17. gxf7+ Qxf7 18. Bc4 d5 19. Rxd5 Ne5 20. Rxe5 1-0

[Event "LSS OP-2009-0-00958"]
[Site "LSS email"]
[Date "2009.10.05"]
[Round "?"]
[White "Laureles, Raymundo"]
[Black "Tokarev, Evgeny Vadimovich"]
[Result "0-1"]
[WhiteElo "1536"]
[BlackElo "800"]
[PlyCount "48"]
[EventDate "2009.09.29"]
[EventType "tourn (corr)"]
[EventRounds "4"]
[EventCountry "GER"]
[SourceTitle "Telechess CBM 137"]
[Source "ChessBase"]
[SourceDate "2010.07.15"]
[SourceVersion "1"]
[SourceVersionDate "2010.07.15"]
[SourceQuality "1"]

1. e4 c5 2. Nf3 d6 3. d4 cxd4 4. Nxd4 Nf6 5. Nc3 g6 6. Be3 Bg7 7. f3 Nbd7 8. Qd2 a6 9. 0-0-0 b5 10. h4 h5 11. Be2 Bb7 12. g4 hxg4 13. fxg4 b4 14. Na4 Qa5 15. b3 Nxe4 16. Qe1 Ndc5 17. a3 Nxa4 18. axb4 Qe5 19. bxa4 Ng3 20. Bg5 Nxh1 21. b5 Ng3 22. Rd3 Ne4 23. Bd1 Nxg5 24. hxg5 Qxe1 0-1